LEADER 01879nas 2200529-a 450 001 996202147203316 005 20240413012228.0 035 $a(CKB)954921402180 035 $a(CONSER)---88659024- 035 $a(EXLCZ)99954921402180 100 $a19840622b19842002 --- a 101 0 $aeng 181 $ctxt$2rdacontent 182 $cc$2rdamedia 183 $acr$2rdacarrier 200 00$aCompensation & benefits management 210 $a[Greenvale, NY] $cPanel Publishers$d1984-2002 215 $a1 online resource 300 $aTitle from cover. 311 $aPrint version: Compensation & benefits management. (DLC) 88659024 (OCoLC)10874002 0748-061X 517 3 $aCompensation and benefits management 531 $aCOMPENSATION AND BENEFITS MANAGEMEN 531 $aCOMPENSATION AND BENEFITS MANAGEMENT 531 0 $aCompens. benefits manage. 606 $aCompensation management$zUnited States$vPeriodicals 606 $aEmployee fringe benefits$xManagement$vPeriodicals 606 $aPensions$xManagement$vPeriodicals 606 $aCompensation management$2fast$3(OCoLC)fst00871412 606 $aEmployee fringe benefits$xManagement$2fast$3(OCoLC)fst00908993 606 $aPensions$xManagement$2fast$3(OCoLC)fst01057110 607 $aUnited States$2fast 608 $aPeriodicals.$2fast 610 0$aCompensation management 610 0$aEmployee fringe benefits 610 0$aPensions 615 0$aCompensation management 615 0$aEmployee fringe benefits$xManagement 615 0$aPensions$xManagement 615 7$aCompensation management. 615 7$aEmployee fringe benefits$xManagement. 615 7$aPensions$xManagement. 676 $a658.3/2/0973 906 $aJOURNAL 912 $a996202147203316 920 $aexl_impl conversion 996 $aCompensation & benefits management$92333297 997 $aUNISA LEADER 00808nam0-2200277 --450 001 9910883397203321 005 20240906142958.0 010 $a0201043521 100 $a20240906d1980----kmuy0itay5050 ba 101 1 $aita$ceng 102 $aNL 105 $aa 001yy 200 1 $a36 lezioni di biologia$fS. E. Luria$gedizione italiana a cura di Benedetto Nicoletti 210 $aAmsterdam$cInter European Editions$d1980 215 $axii, 432 p.$cill.$d22 cm 610 0 $aBiologia 676 $a574$v23$zita 700 1$aLuria,$bSalvador Edward$065545 702 1$aNicoletti,$bBenedetto 801 0$aIT$bUNINA$gREICAT$2UNIMARC 901 $aBK 912 $a9910883397203321 952 $aA AGR 388$b11473/2024$fFAGBC 959 $aFAGBC 996 $a36 lezioni di biologia$94263114 997 $aUNINA